<?xml version="1.0" encoding="UTF-8"?>
<marc:record xmlns:marc="http://www.loc.gov/MARC21/slim">
   <marc:leader>00000nam a2200000 a 4500</marc:leader>
   <marc:datafield ind1="1" ind2=" " tag="100">
      <marc:subfield code="a">Krasny, Elke</marc:subfield>
      <marc:subfield code="4">aut</marc:subfield>
      <marc:subfield code="e">Verfasser/-in</marc:subfield>
   </marc:datafield>
   <marc:datafield ind1="1" ind2=" " tag="100">
      <marc:subfield code="a">Hein, Sybille</marc:subfield>
      <marc:subfield code="4">aut</marc:subfield>
      <marc:subfield code="e">Verfasser/-in</marc:subfield>
   </marc:datafield>
   <marc:datafield ind1=" " ind2=" " tag="653">
      <marc:subfield code="a">Rätsel</marc:subfield>
   </marc:datafield>
   <marc:datafield ind1=" " ind2=" " tag="653">
      <marc:subfield code="a">Technik</marc:subfield>
   </marc:datafield>
   <marc:datafield ind1=" " ind2=" " tag="653">
      <marc:subfield code="a">Natur</marc:subfield>
   </marc:datafield>
   <marc:datafield ind1="0" ind2="0" tag="245">
      <marc:subfield code="a">Warum ist das Licht so hell ?</marc:subfield>
   </marc:datafield>
   <marc:datafield ind1="0" ind2="0" tag="245">
      <marc:subfield code="b">Eine Reise durch die Welt des Lichts</marc:subfield>
   </marc:datafield>
   <marc:datafield ind1="0" ind2="0" tag="245">
      <marc:subfield code="c">Elke Krasny ; Sybille Hein</marc:subfield>
   </marc:datafield>
   <marc:datafield ind1=" " ind2="1" tag="264">
      <marc:subfield code="a">St. Pölten</marc:subfield>
      <marc:subfield code="b">Niederösterreichisches Pressehaus</marc:subfield>
      <marc:subfield code="c">2005</marc:subfield>
   </marc:datafield>
   <marc:datafield ind1="1" ind2=" " tag="520">
      <marc:subfield code="a">Warum ist das Licht so hell? Warum ist das Licht so schnell? Wo ist es wirklich stockdunkel und was hat es mit der Lichtverschmutzung auf sich? Was tut die Sonne und wie schaut man in den Körper hinein? Warum brauchen wir das Licht um Farben zu sehen und wie entsteht der Regenbogen? Seit wann gibt es Straßenbeleuchtungen in unseren Städten und warum steht ein Leuchtturm an der Küste? Warum glüht die Birne und was ist eine Grubenlampe? Wie alt ist das Sternenlicht und was ist ein Neonfisch? Bunt oder weiß, dunkel oder hell, bei näherer Betrachtung wirft das Licht eine ganze Menge rätselhafter Fragen auf, die auch Erwachsene manchmal nicht (mehr) sofort beantworten können. In kurzen Kapiteln wird anschaulich erklärt, was es mit dem Licht so alles auf sich hat, was das Licht kann und was wir mit dem Licht alles anstellen können.</marc:subfield>
   </marc:datafield>
   <marc:datafield ind1=" " ind2=" " tag="020">
      <marc:subfield code="a">3853263046</marc:subfield>
      <marc:subfield code="9">3853263046</marc:subfield>
   </marc:datafield>
   <marc:datafield ind1=" " ind2=" " tag="300">
      <marc:subfield code="a">107 S.: Ill.</marc:subfield>
   </marc:datafield>
</marc:record>
